000 00358nam a2200145Ia 4500
005 20251222143243.0
008 251222s9999||||xx |||||||||||||| ||spa||
020 _a8480020946
082 _a347.9/V62
100 _aVicent Chulia, Francisco
245 0 _aIntroducción al Derecho Mercantil
250 _a6ta.ed.
264 _bTrant lo Blanch
942 _cLIB
999 _c14675
_d14675